Webster s Encyklopedic Unabridged Dictionary of English Language
Salvato in:
| Natura: | Libro |
|---|---|
| Lingua: | inglese |
| Pubblicazione: |
New York :
Random House,
1994
|
| Soggetti: | |
| Tags: |
Nessun Tag, puoi essere il primo ad aggiungerne!!
|
MARC
| LEADER | 00000nam a22000003a 4500 | ||
|---|---|---|---|
| 001 | stu45191 | ||
| 005 | 20141122035212.3 | ||
| 008 | 960108s1994----xxu-----------------eng-d | ||
| 020 | |a 0-517-11864-5 | ||
| 040 | |a STU |b slo | ||
| 041 | 0 | |a eng | |
| 044 | |a xxu | ||
| 080 | |a 802.0(031) | ||
| 245 | |a Webster s Encyklopedic Unabridged Dictionary of English Language | ||
| 260 | |a New York : |b Random House, |c 1994 | ||
| 300 | |a 1854 s | ||
| 650 | 7 | |a angličtina |2 stusub | |
| 650 | 7 | |a encyklopédie |2 stusub | |
| 650 | 7 | |a Encyklopédie anglické |2 stusub | |
| 996 | |b M 29265 |c M*9301-1 |l MMKN |s A |a 24 |w stu45191_0001 | ||